The Forrest Mims circuit scrapbook / (Record no. 4915)
[ view plain ]
| 000 -LEADER | |
|---|---|
| fixed length control field | 00831nac a22002051u 4500 |
| 010 ## - LIBRARY OF CONGRESS CONTROL NUMBER | |
| LC control number | 00689235 |
| 020 ## - INTERNATIONAL STANDARD BOOK NUMBER | |
| International Standard Book Number | 1878707485 |
| 082 00 - DEWEY DECIMAL CLASSIFICATION NUMBER | |
| Classification number | 621.381 |
| Item number | M6629 |
| 090 ## - LOCALLY ASSIGNED LC-TYPE CALL NUMBER (OCLC); LOCAL CALL NUMBER (OCLC) | |
| -- | 5095 |
| -- | 5095 |
| 100 ## - MAIN ENTRY--PERSONAL NAME | |
| Personal name | Mims, Forrest M. |
| 245 14 - TITLE STATEMENT | |
| Title | The Forrest Mims circuit scrapbook / |
| Statement of responsibility, etc | by Forrest M. Mims III. |
| 246 30 - VARYING FORM OF TITLE | |
| Title proper/short title | Circuit scrapbook |
| 260 ## - PUBLICATION, DISTRIBUTION, ETC. (IMPRINT) | |
| Place of publication, distribution, etc | Eagle Rock, VA : |
| Name of publisher, distributor, etc | LLH Technology Pub.,2000 |
| Date of publication, distribution, etc | 2000 |
| 300 ## - PHYSICAL DESCRIPTION | |
| Extent | 1v : |
| Other physical details | ill. ; |
| Dimensions | 28 cm. |
| 650 #0 - SUBJECT ADDED ENTRY--TOPICAL TERM | |
| Topical term or geographic name as entry element | Electronics |
| Form subdivision | Amateurs' manuals. |
| 856 42 - ELECTRONIC LOCATION AND ACCESS | |
| Materials specified | Publisher description |
| Uniform Resource Identifier | <a href="http://www.loc.gov/catdir/description/els031/00689235.html">http://www.loc.gov/catdir/description/els031/00689235.html</a> |
| 856 42 - ELECTRONIC LOCATION AND ACCESS | |
| Materials specified | Table of contents |
| Uniform Resource Identifier | <a href="http://www.loc.gov/catdir/toc/els031/00689235.html">http://www.loc.gov/catdir/toc/els031/00689235.html</a> |
| 942 ## - ADDED ENTRY ELEMENTS (KOHA) | |
| Item type | |
| Call number prefix | 621.381M6629 |
| Withdrawn status | Item status | Damaged status | Not for loan | Home library | Current library | Shelving location | Date acquired | Source of acquisition | Total Checkouts | Full call number | Barcode | Date last seen | Koha item type |
|---|---|---|---|---|---|---|---|---|---|---|---|---|---|
| Central Library | Central Library | First floor | 01/10/2007 | Purchase | 621.381 MIM | 000005892 | 15/07/2025 | NB - Book (Non borrowing) | |||||
| Central Library | Central Library | First floor | 07/10/2016 | Purchase | 621.381 MIM | 000006176 | 15/07/2025 | Book - Borrowing |